Datum a čas kvízu
34.5
Celkem bodů
Celkový počet nahraných bodů na tomto kvízu bez doplňovacích otázek.
2.
Pořadí na kvízu
Konečné umístění týmu na tomto kvízu.
Zaznamenané odpovědi
| # | Otázka | Odpověď | Body | Výsledky |
|---|---|---|---|---|
| 1. | Hned tři akce naráz přerušilo... | Kateřina Marie Tichá | 0 | |
| 2. | V pondělí jsme se dozvěděli o... | Starbucks | 1 | |
| 3. | Minulý týden jsme se dozvěděli... | o akvadukt | 1 | |
| 4. | Česká společnost Snuggs se sta... | menstruační kalhotky | 1 | |
| 5. | Uveďte název zimního střediska... | Svatý Mořic/St. Moritz; paralelní obří slalom | 0 | |
| 6. | Podíváme se na temné stránky d... | A) Diviš Bořek z Miletínka | 0 | |
| 7. | Doba pobělohorská znamenala zá... | Obnovené zřízení zemské | 1 | |
| 8. | První světová válka znamenala... | Osmanská říše | 1 | |
| 9. | V období tzv. Protektorátu se... | František Fajtl | 0 | |
| 10. | Seřaďte tyto komunistické prez... | 1C 2D 3B 4A | 0 |